000 00752cam a2200241 a 4500
999 _c3774
_d3774
001 405438
003 OSt
005 20181122155756.0
008 961104s1996 ilu b 000 0 eng d
020 _a0802471315
035 _a(OCoLC)35839963
035 _a(OCoLC)ocm35839963
040 _cDLC
082 _a259
_bH973B
100 1 _aHutchcraft, Ron.
245 1 4 _aThe battle for a generation :
_bLife-Changing Youth/Ministry That Makes a Difference/
_cRon Hutchcraft ; with Lisa Hutchcraft Whitmer.
260 _aChicago, Ill. :
_bMoody Press,
_cc1996.
300 _a188 p. ;
_c23 cm.
504 _aIncludes bibliographical references (p. 187).
650 0 _aChurch work with teenagers.
700 1 _aWhitmer, Lisa Hutchcraft.
942 _2ddc
_cBK